1046 1151 1907 1420 1248 1963 1723 1284 1340 1907 1004 1207 1374 1518 1394 1984 1166 1361 1260 1458 1244 1561 1641 1407 1609 2000 1703 1137 1750 1253 1635 1584 1372 1874 1728 1140 1753 1940 1547 1375 1662 1769 1581 1442 1562 1475 1934 1998 1004 1938 1203 1705 1780 1350 1992 1483 1099 1018 1158 1011 1155 1917 1546 1394 1786 1283 1411 1945 1633 1518 1019 1277 1253 1800 1756 1131 1298 2000 1962 1394 1726 1736 1666 1327 1975 1923 1847 1113 1495 1511 1725 1161 1690 1867 1555 1398 1940 1418 1814 BCNSPRNW ULIB Ver.6.0+V

เปลี่ยนเป็นภาษาไทย

Change to English
 แสดงรายละเอียดบรรณานุกรม
  กลับหน้าหลัก

Brief Record : Get Marc (ISO 2709) : E-mail record : QR code < ปิดหน้าต่าง
LEADER : 00000nas 2200000uu 4500
001    13399122386
003     ULIB
008    020711s|||| th a 000 0 tha d
022    08572127
110    โรงพยาบาลสวนปรุง
245    วารสารสวนปรุง.(วิทยาเขตนครสวรรค์) /^cโรงพยาบาลสวนปรุง
260    เชียงใหม่ :^bโรงพยาบาลสวนปรุง,^cม.ป.ป.
310    ^aรายสี่เดือน
850 ^a ULIB:campus^bปีที่ 28 ฉบับที่ 1 ;ปีที่ 28 ฉบับที่ 2 ;ปีที่ 28 ฉบับที่ 3 ;ปีที่ 29 ฉบับที่ 1 ;ปีที่ 29 ฉบับที่ 2 ;ปีที่ 30 ฉบับที่ 1 c.1 ;ปีที่ 31 ฉบับที่ 1 ฉ.1 ;ปีที่ 31 ฉบับที่ 2 ฉ.1
945    ^p0^l0^i800431
945    ^p0^l0^i800616
945    ^p0^l0^i800706
945    ^p0^l0^i800707
945    ^p0^l0^i800745
945    ^p0^l0^i800948
945    ^p0^l0^i801266
945    ^p0^l0^i801450
999    ^aทศพร เกษรทอง
รายการนี้ยังไม่มีแท็ก
คุณยังไม่ได้ล็อกอิน คุณสามารถมีกิจกรรมร่วมกับเว็บไซต์ได้ แต่ต้องล็อกอินก่อน ::
  ล็อกอิน

รายการสื่อสารสนเทศ (วารสาร)

ดูแบบ: กล่อง รายการ
ARRIVED
ปีที่ 28 ฉบับที่ 1
สถานที่: ห้องสมุดวิทยาเขตสวรรค์ประชารักษ์ >วารสาร
ARRIVED
ปีที่ 28 ฉบับที่ 2
สถานที่: ห้องสมุดวิทยาเขตนครสวรรค์ >วารสาร
ARRIVED
ปีที่ 28 ฉบับที่ 3
สถานที่: ห้องสมุดวิทยาเขตนครสวรรค์ >วารสาร
ARRIVED
ปีที่ 29 ฉบับที่ 1
สถานที่: ห้องสมุดวิทยาเขตนครสวรรค์ >วารสาร
ARRIVED
ปีที่ 30 ฉบับที่ 1 c.1
สถานที่: ห้องสมุดวิทยาเขตนครสวรรค์ >วารสาร
ARRIVED
ปีที่ 29 ฉบับที่ 2
สถานที่: ห้องสมุดวิทยาเขตนครสวรรค์ >วารสาร
ARRIVED
ปีที่ 31 ฉบับที่ 1 ฉ.1
สถานที่: ห้องสมุดวิทยาเขตนครสวรรค์ >วารสาร
ARRIVED
ปีที่ 31 ฉบับที่ 2 ฉ.1
สถานที่: ห้องสมุดวิทยาเขตนครสวรรค์ >วารสาร

BibComment


ยังไม่เคยถูกคอมเมนท์

คอมเมนท์ทรัพยากรรายการนี้
  คอมเมนท์: วารสารสวนปรุงวิทย..


 Copyright 2026. Bcnsprnw @Library